000 01013nam a22002177a 4500
999 _c62455
_d62455
003 Ge_BSU
005 20241112143750.0
008 241112s2000 ge ||||| |||| 00| 0 geo d
041 _ageo
080 _a616.89 ვ-25
100 _aვაშაძე, შორენა
_923667
_eავტორი.
245 _aვის მოუკლავს თავი კაცსა, მეცნიერსა :
_bმონოგრაფია /
_cშორენა ვაშაძე, [რედ.ნაზი ნიშნიანიძე]
264 _aბათუმი,
_c2000.
300 _a175 გვ.:
_b22 სმ.
653 _aსუიციდი
653 _aფსიქიატრია
653 _aმედიცინა
700 _aნიშნიანიძე, ნაზი
_923668
711 _aშ.რუსთაველის სახელობის ქ.ბათუმის სახელმწიფო უნივერსიტეტი
_923669
942 _2udc
_cBK